Score 0/26 Timer 03:00
4 Plays Today
Letter State % Correct
QNo States With Q!
100%
ARhode Island
91.6%
DRhode Island
91.3%
ERhode Island
91.3%
RRhode Island
91.3%
HRhode Island
91.3%
IRhode Island
91.3%
ORhode Island
91.3%
NRhode Island
91.3%
LRhode Island
91.3%
SRhode Island
91.2%
VVermont
83.4%
CConnecticut
82.7%
Letter State % Correct
TConnecticut
82.5%
UConnecticut
82.4%
WDelaware
80.9%
JNew Jersey
79.5%
YNew Jersey
79.2%
PNew Hampshire
75.8%
FFlorida
71.9%
ZArizona
71.5%
XNew Mexico
69.5%
MMassachusetts
68.4%
KKentucky
66.5%
BAlabama
61.6%
GWest Virginia
56.8%
Remove Ads.
Support Sporcle.
Get the best of Sporcle when you Go Orange. This ad-free experience offers more features, more stats, and more fun while also helping to support Sporcle. Thank you for becoming a member.

You're not logged in!

Compare scores with friends on all Sporcle quizzes.
OR
Log In

Show Comments

Extras

Top Quizzes Today


Score Distribution

Your Account Isn't Verified!

In order to create a playlist on Sporcle, you need to verify the email address you used during registration. Go to your Sporcle Settings to finish the process.

Report this User

Report this user for behavior that violates our Community Guidelines.

Details: